书目信息 |
| 书名: | The Bermuda triangle | |
| 作者: | ||
| 分册号: | ||
| 分册名: | 出版地: | [S.l. : |
|
| 出版社: | s.n.] | |
| 出版时间: | ||
| 页数: | 24 p. : | |
| 开本: | 19 cm. | |
| 丛书名: | Cassell discovery books | |
| 中图分类号: | ||
| 科图分类号: | ||
| 其他分类号: | H319.4 | |
| 主题词: | ||
| 电子资源: | ||
| 000 | 00729nam 2200217 a 4500 | |
| 001 | E0731804813 | |
| 005 | 20070227085937.14 | |
| 008 | 001 0 eng | |
| 008 | uu | |
| 020 | @cCNY0.22. | |
| 040 | @aNLC | |
| 049 | @aN5LA | |
| 090 | @a2/K971.4-49/B51///////////+970195-96/ 2cop. | |
| 090 | @aH319.4 | |
| 096 | @aK971.4-49 @v2 | |
| 099 | @dH319.4@ex136 | |
| 245 | 04 | @aThe Bermuda triangle :@bstrange things happen near Bermuda : ships vanish, time seems to stop, planes go missing : no one can explain why ... |
| 260 | @a[S.l. :@bs.n.]. | |
| 300 | @a24 p. :@bill. ;@c19 cm. | |
| 440 | 0 | @aCassell discovery books @b00 @c20020930 @lNLC09 @h2246 @lNLC09 @h2254 @lNLC09 @h1846 |
| 852 | 9 | @bWWJC @cJ08S @k2 @hK971.4-49 @iB51 |
| The Bermuda triangle : : strange things happen near Bermuda : ships vanish, time seems to stop, planes go missing : no one can explain why ...-[S.l. : : s.n.]. |
| 24 p. : : ill. ; ; 19 cm.- (Cassell discovery books 00 20020930 NLC09 2246 NLC09 2254 NLC09 1846 ) |
| ISBN CNY0.22. |
| ● |
| 相关链接 |
|
|
|
|
正题名:Bermuda triangle
索取号:H319.4/x136
 
预约/预借
| 序号 | 登录号 | 条形码 | 馆藏地/架位号 | 状态 | 备注 |
| 1 | 96198 | 001197074 | 密集书库/ [索取号:H319.4/x136] | 在馆 | |
| 2 | 96199 | 001197163 | 第四借阅区/ [索取号:H319.4/x136] | 在馆 | |
| 3 | 96200 | 001197136 | 第四借阅区/ [索取号:H319.4/x136] | 在馆 | |
| 4 | 96201 | 001197145 | 第四借阅区/ [索取号:H319.4/x136] | 在馆 | |
| 5 | 96202 | 001197109 | 第四借阅区/ [索取号:H319.4/x136] | 在馆 | |
| 6 | 96203 | 001197127 | 第四借阅区/ [索取号:H319.4/x136] | 在馆 | |
| 7 | 96204 | 001197029 | 密集书库/ [索取号:H319.4/x136] | 在馆 | |
| 8 | 96205 | 001196930 | 密集书库/ [索取号:H319.4/x136] | 在馆 | |
| 9 | 96206 | 001196949 | 密集书库/ [索取号:H319.4/x136] | 在馆 | |
| 10 | 96207 | 001196896 | 密集书库/ [索取号:H319.4/x136] | 在馆 | |
| 11 | 96208 | 001196958 | 密集书库/ [索取号:H319.4/x136] | 在馆 | |
| 12 | 96209 | 001196912 | 密集书库/ [索取号:H319.4/x136] | 在馆 | |
| 13 | 96210 | 001196903 | 密集书库/ [索取号:H319.4/x136] | 在馆 | |
| 14 | 96211 | 001196921 | 密集书库/ [索取号:H319.4/x136] | 在馆 | |
| 15 | 96212 | 001196887 | 密集书库/ [索取号:H319.4/x136] | 在馆 | |
| 16 | 96213 | 001197092 | 密集书库/ [索取号:H319.4/x136] | 在馆 | |
| 17 | 96214 | 001197118 | 密集书库/ [索取号:H319.4/x136] | 在馆 | |
| 18 | 96215 | 001197083 | 密集书库/ [索取号:H319.4/x136] | 在馆 | |
| 19 | 96216 | 001197065 | 密集书库/ [索取号:H319.4/x136] | 在馆 | |
| 20 | 96217 | 001197154 | 密集书库/ [索取号:H319.4/x136] | 在馆 | |
| 21 | 96218 | 001197038 | 密集书库/ [索取号:H319.4/x136] | 在馆 | |
| 22 | 96219 | 001197001 | 密集书库/ [索取号:H319.4/x136] | 在馆 | |
| 23 | 96220 | 001196985 | 密集书库/ [索取号:H319.4/x136] | 在馆 | |
| 24 | 96221 | 001196976 | 密集书库/ [索取号:H319.4/x136] | 在馆 | |
| 25 | 96222 | 001196967 | 密集书库/ [索取号:H319.4/x136] | 在馆 | |
| 26 | 96223 | 001197056 | 密集书库/ [索取号:H319.4/x136] | 在馆 | |
| 27 | 96224 | 001197047 | 密集书库/ [索取号:H319.4/x136] | 在馆 | |
| 28 | 96225 | 001197010 | 密集书库/ [索取号:H319.4/x136] | 在馆 | |
| 29 | 96226 | 001197172 | 密集书库/ [索取号:H319.4/x136] | 在馆 | |
| 30 | 96227 | 001196994 | 第二样本阅览室/ [索取号:H319.4/x136] | 在馆 |